Tratado de electrodinámica industrial. (Record no. 163884)

MARC details
000 -LEADER
campo de control de longitud fija 00831nam a22001935i 4500
001 - NÚMERO DE CONTROL
campo de control 163884
003 - IDENTIFICADOR DE NÚMERO DE CONTROL
campo de control ES-MaACL
005 - FECHA Y HORA DE LA ÚLTIMA TRANSACCIÓN
campo de control 20230906212829.0
008 - DATOS DE LONGITUD FIJA--INFORMACIÓN GENERAL
campo de control de longitud fija 970212m18991904sp a |||| | spa d
100 1# - ENTRADA PRINCIPAL--NOMBRE DE PERSONA
Nombre de persona Rojas y Caballero Infante, Francisco de Paula.
9 (RLIN) 99083
245 10 - MENCIÓN DEL TÍTULO
Título Tratado de electrodinámica industrial.
Número de parte o sección de la obra I /
Mención de responsabilidad, etc. por D. Francisco de P. Rojas y Caballero Infante.
250 ## - MENCION DE EDICION
Mención de edición 3ª ed., refundida y amp.
260 ## - PUBLICACIÓN, DISTRIBUCIÓN, ETC.
Lugar de publicación, distribución, etc. Madrid :
Nombre del editor, distribuidor, etc. [s.n.],
Fecha de publicación, distribución, etc. 1899-1904 (
Fabricante Est. Tip. de la Viuda e Hijos de M. Tello)
300 ## - DESCRIPCIÓN FÍSICA
Extensión 1 v. (427 p.) :
Otras características físicas il. ;
Dimensiones 23 cm.
530 ## - NOTA DISPONIBLE DE FORMULARIO FÍSICO ADICIONAL
Nota de formato físico adicional disponible Disponible en formato digital la obra completa: 3 v.
650 #4 - PUNTO DE ACCESO ADICIONAL DE MATERIA--TÉRMINO DE MATERIA
Término de materia o nombre geográfico como elemento de entrada Electrodinámica.
9 (RLIN) 135969
852 4# - LOCALIZACIÓN
Ubicación ES-MaACL
Número de control de estantería B-11608
Nota libre - Enc. pasta española
856 4# - LOCALIZACIÓN Y ACCESO ELECTRÓNICOS
Identificador Uniforme de Recursos <a href="http://bdh-rd.bne.es/viewer.vm?id=0000187403&page=1 ">http://bdh-rd.bne.es/viewer.vm?id=0000187403&page=1 </a>
Nota pública Biblioteca Digital Hispánica
-- (3 v.)
Holdings
Estatus retirado Estado de pérdida Estado de daño No para préstamo Colección Biblioteca de origen Biblioteca actual Ubicación en estantería Fecha de adquisición Fuente de adquisición Total de préstamos Signatura topográfica completa Código de barras Visto por última vez Precio de reemplazo Tipo de ítem Koha
        Colección digital Biblioteca del Ateneo de Madrid Biblioteca del Ateneo de Madrid Sala Pardo Bazán 17/01/2008     B-11608 1171754 23/02/2023 23/02/2023 Libro impreso antiguo